000 00775nam a2200277Ia 4500
003 OSt
005 20221007110502.0
006 a|||||r|||| 00| 0
007 ta
008 221006b |||||||| |||| 00| 0 eng d
020 _a435837303
024 _a21,214
037 _cTextual
040 _aLCO
_cLCO
_beng
041 _2eng
_aeng
082 _aY1:45.3sN65, K8
100 _aMcClintock F.H.
_9135171
245 0 _aCrime in England and Wales
260 _aLondon
_bHeinemann Educational Books Ltd. U.K.
_c1968
300 _a317
650 _aCRIME
700 _a Avison N. Howard
_9135172
700 _a Rose G.N.G
_9707551
942 _hY1:45.3sN65, K8
_cTEXL
999 _c1190777
_d1190777